| 000 | 00604cam a22002051 4500 | ||
|---|---|---|---|
| 001 | af 48000596 | ||
| 003 | DLC | ||
| 005 | 20260227110844.0 | ||
| 008 | 890504s1945 be a 000 1 dut c | ||
| 010 | _aaf 48000596 | ||
| 035 | _a(OCoLC)19657359 | ||
| 040 |
_aCalifornia. Univ. Libr. _cCU _dDLC |
||
| 042 | _apremarc | ||
| 050 | 0 | 0 |
_aPT6434.L4 _bV8 |
| 100 | 1 |
_aLaer, Josephus van, _d1908- |
|
| 245 | 1 | 0 |
_aVuur over 't land, _bnaar het Oorlogsdagboek van St. de Rijck. |
| 260 |
_a[Antwerpen] _bKajotters uitgaven _c[1945?] |
||
| 300 |
_a144 p. _billus. _c18 cm. |
||
| 650 | 0 |
_aWorld War, 1939-1945 _vFiction. |
|
| 999 |
_c4130 _d4130 |
||